1052 1051 1717 1830 1404 1221 1421 1107 1327 1188 1658 1522 1483 1360 1809 1299 1973 1618 1713 1649 1142 1407 1897 1624 1517 1464 1315 1415 1745 1638 1174 1415 1287 1836 1481 1116 1355 1187 1037 1475 1624 1729 1925 1736 1920 1224 1310 1240 1673 1597 1562 1778 1235 1168 1776 1829 1582 1338 1702 1176 1448 1715 1040 1356 1032 1868 1666 1511 1609 1175 1322 1785 1560 1411 1197 1883 1989 1405 1554 1743 1715 1181 1255 1281 1372 1249 1459 1599 1157 1281 1598 1001 1763 1616 1167 1904 1969 1262 1779 BCNSPRNW ULIB Ver.6.0+V

เปลี่ยนเป็นภาษาไทย

Change to English
 แสดงรายละเอียดบรรณานุกรม
  กลับหน้าหลัก

Brief Record : Get Marc (ISO 2709) : E-mail record : QR code < ปิดหน้าต่าง
LEADER : 00000nam 2200000uu 4500
001    13399125687
003     ULIB
008    170716s2558||||th 000 0 tha d
020    ^a9786163447159
060  0 ^aWQ150^bร949ร
100 0  ^aโรสรินทร์ พุมฤทธิ์
245 00 ^aเรื่องท้อง...ต้องรู้ /^cโรสรินทร์ พุมฤทธิ์
260    ^aกรุงเทพฯ :^bคลื่นอักษร,^c2558
300    ^a192 หน้า ;^c19 ซม.
650  0 ^aครรภ์^xสตรีมีครรภ์
945    ^p165^l0^i25259
999    ^aกัณชพร จุลอักษร
รายการนี้ยังไม่มีแท็ก
คุณยังไม่ได้ล็อกอิน คุณสามารถมีกิจกรรมร่วมกับเว็บไซต์ได้ แต่ต้องล็อกอินก่อน ::
  ล็อกอิน

รายการสื่อสารสนเทศ

ลำดับที่ ประเภท เลขเรียก/บาร์โค้ด สถานที่ สถานะ
1. วิทยาศาสตร์การแพทย์ และสุขภาพ
วิทยาศาสตร์การแพทย์ และสุขภาพ
สถานะ=หนังสือเก่า
WQ150 ร949ร ฉ.1 
  Barcode: 25259
ห้องสมุดวิทยาเขตนครสวรรค์
►ส่วนจัดเก็บหนังสือเก่า นว.
บนชั้น
  ขอยืม

รายการใกล้เคียง
    ผู้แต่ง [โรสรินทร์ พุมฤทธิ์]

BibComment


ยังไม่เคยถูกคอมเมนท์

คอมเมนท์ทรัพยากรรายการนี้
  คอมเมนท์: เรื่องท้องต้องรู..


 Copyright 2026. Bcnsprnw @Library